00384nam a2200109Ia 4500008004100000082000800041100001500049245009500064942000600159952009400165999001500259240331s9999 xx 000 0 und d bNAD aNadesan, S 4aThe JVP insurgency of 1971 :ba speech made in the Ceylon senate on 14th and 15th May 1971 cL 001040708LaWERCLbWERCLcSSCd2024-03-31l0o 322 NADp506r2024-03-31w2024-03-31yL c2395d2395